TEORIA Y PROBLEMAS DE ESTADISTICA (Registro nro. 9625)
[ vista simple ]
| 000 -LEADER | |
|---|---|
| fixed length control field | 00872nam a2200217 a 4500 |
| 001 - CONTROL NUMBER | |
| control field | 9625 |
| 005 - DATE AND TIME OF LATEST TRANSACTION | |
| control field | 20180713193634.0 |
| 008 - FIXED-LENGTH DATA ELEMENTS--GENERAL INFORMATION | |
| fixed length control field | 140415s1970 mx 000 0 spa d |
| 020 ## - INTERNATIONAL STANDARD BOOK NUMBER | |
| International Standard Book Number | 0070918694 |
| 041 ## - LANGUAGE CODE | |
| Language code of text/sound track or separate title | spa |
| 082 ## - DEWEY DECIMAL CLASSIFICATION NUMBER | |
| Classification number | 519.5 |
| Item number | SPI |
| 100 1# - MAIN ENTRY--PERSONAL NAME | |
| Personal name | SPIEGEL, MURRAY R. |
| 245 10 - TITLE STATEMENT | |
| Title | TEORIA Y PROBLEMAS DE ESTADISTICA |
| 250 ## - EDITION STATEMENT | |
| Edition statement | 1a ed. |
| 260 ## - PUBLICATION, DISTRIBUTION, ETC. | |
| Place of publication, distribution, etc. | MEXICO : |
| Name of publisher, distributor, etc. | LIBROS MCGRAW HILL, |
| Date of publication, distribution, etc. | 1970 |
| 300 ## - PHYSICAL DESCRIPTION | |
| Extent | 357 |
| 490 ## - SERIES STATEMENT | |
| Series statement | SERIE DE COMPENDIOS SCHAUM |
| 520 ## - SUMMARY, ETC. | |
| Summary, etc. | EL PROPÓSITO ES PRESENTAR UNA INTRODUCCIÓN A LOS PRINCIPOS GENERALES DE LA ESTADÍSTICA QUE SEA DE UTILIDAD PARA TODOS CON INDEPENDENCIA DE SUS CAMPOS DE ESPECIALIZACIÓN. CADA CAPÍTULO INICIA CON UNA EXPOSICIÓN CLARA DE LAS DEFINICIONES PERTINENTES, TEOREMAS Y PRINCIPIOS JUNTO CON EL MATERIAL ILUSTRATIVO. |
| 700 1# - ADDED ENTRY--PERSONAL NAME | |
| Personal name | GOMEZ ESPADAS, JOSE LUIS |
| Relator term | tr. |
| 740 ## - ADDED ENTRY--UNCONTROLLED RELATED/ANALYTICAL TITLE | |
| Uncontrolled related/analytical title | STATISTICS |
| Withdrawn status | Lost status | Source of classification or shelving scheme | Damaged status | Not for loan | Collection code | Home library | Current library | Shelving location | Date acquired | Source of acquisition | Inventory number | Total Checkouts | Full call number | Barcode | Date last seen | Price effective from | Koha item type |
|---|---|---|---|---|---|---|---|---|---|---|---|---|---|---|---|---|---|
| Dewey Decimal Classification | General | Biblioteca Karol Wojtyla | Biblioteca Karol Wojtyla | Sala general | 03/12/2013 | Compra | 151000000000000000034231 | 519.5 SPI | 24 | 05/01/2026 | 03/12/2013 | Libro |